000 00570nam a22001817a 4500
999 _c192155
_d192155
005 20220912170230.0
010 _aENG-135032
020 _a9789352834051
_c550.00
035 _aEN-118564
037 _bDBAD/PUB
082 _a621.4021
100 _aGupta, S.K.
245 _aEngineering Thermodynamics/
_cby S.K. Gupta
260 _aNew Delhi
_bS Chand and Company Limited
_c2019
270 _a7361, Ram Nagar, Qutab Road
_bNew Delhi
_e110055
_minfo@schandpublishing.com
300 _axx, 1044p.
_bIndex
_c24cm(pbk)
942 _2ddc
_cEN
_h621.4021
_mGUP